El sueño de Sooley / (Registro nro. 30049)
[ vista simple ]
| 000 -LEADER | |
|---|---|
| fixed length control field | 01540nam a22002777a 4500 |
| 003 - CONTROL NUMBER IDENTIFIER | |
| control field | OSt |
| 005 - DATE AND TIME OF LATEST TRANSACTION | |
| control field | 20250710091951.0 |
| 008 - FIXED-LENGTH DATA ELEMENTS--GENERAL INFORMATION | |
| fixed length control field | 230706s2022 ck ||||er|||| 00| fdspa d |
| 020 ## - INTERNATIONAL STANDARD BOOK NUMBER | |
| International Standard Book Number | 9789585457669 |
| 040 ## - CATALOGING SOURCE | |
| Original cataloging agency | CO-JMCR |
| Transcribing agency | CO-JMCR |
| Language of cataloging | spa |
| Modifying agency | CO-JMCR |
| Description conventions | rda |
| 041 1# - LANGUAGE CODE | |
| Language code of text/sound track or separate title | spa |
| Language code of original | eng |
| 082 04 - DEWEY DECIMAL CLASSIFICATION NUMBER | |
| Item number | A-N |
| Edition number | GRIs1 |
| 100 1# - MAIN ENTRY--PERSONAL NAME | |
| Personal name | Grisham, John, |
| Relator term | autor |
| 9 (RLIN) | 52 |
| 245 13 - TITLE STATEMENT | |
| Title | El sueño de Sooley / |
| Statement of responsibility, etc. | John Grisham ; traducción de Gabriel Dols Gallardo, |
| 250 ## - EDITION STATEMENT | |
| Edition statement | Primera edición |
| 260 ## - PUBLICATION, DISTRIBUTION, ETC. | |
| Place of publication, distribution, etc. | Bogotá : |
| Name of publisher, distributor, etc. | Plaza Janés, |
| Date of publication, distribution, etc. | 2022 |
| 300 ## - PHYSICAL DESCRIPTION | |
| Extent | 443 páginas ; |
| Dimensions | 23 cm. |
| 500 ## - GENERAL NOTE | |
| General note | Incluye datos biográficos del autor en la solapa posterior |
| 500 ## - GENERAL NOTE | |
| General note | Titulo original: Sooley |
| 500 ## - GENERAL NOTE | |
| General note | Traducido del ingles |
| 520 3# - SUMMARY, ETC. | |
| Summary, etc. | Samuel Sooleymon es un adolescente de Sudán del sur con un gran amor por el baloncesto, un salto prodigioso y la velocidad del rayo. Un torneo de exhibición por Estados Unidos puede convertirse en su gran oportunidad, pero sus condiciones naturales necesitan trabajo y Sooley pronto se da cuenta de que le quede un largo camino por recorrer. <br/>Sin embargo, él cuenta con algo que ninguno de sus compañeros posee: una feroz determinación por triunfar y así ayudar a su familia a escapar de la guerra que asola su país. Y para ello necesitara hacer lo que ningún otro jugador ha logrado: convertirse en una leyenda en solo doce meses. |
| 650 14 - SUBJECT ADDED ENTRY--TOPICAL TERM | |
| Topical term or geographic name entry element | Novela estadounidense |
| Chronological subdivision | Siglo xxi |
| 9 (RLIN) | 8335 |
| 650 14 - SUBJECT ADDED ENTRY--TOPICAL TERM | |
| Topical term or geographic name entry element | Deporte en la literatura |
| 9 (RLIN) | 43041 |
| 700 1# - ADDED ENTRY--PERSONAL NAME | |
| Personal name | Dols Gallardo, Gabriel, |
| Relator term | traductor |
| 9 (RLIN) | 42751 |
| 942 ## - ADDED ENTRY ELEMENTS (KOHA) | |
| Source of classification or shelving scheme | Dewey Decimal Classification |
| Koha item type | Books |
| Withdrawn status | Lost status | Source of classification or shelving scheme | Damaged status | Not for loan | Collection code | Home library | Current library | Shelving location | Date acquired | Source of acquisition | Total Checkouts | Full call number | Barcode | Date last seen | Date last checked out | Copy number | Price effective from | Koha item type |
|---|---|---|---|---|---|---|---|---|---|---|---|---|---|---|---|---|---|---|
| Dewey Decimal Classification | Fiction | Biblioteca Pública José María del Castillo y Rada | Biblioteca Pública José María del Castillo y Rada | New Materials Shelf | 05/30/2023 | Donación | 10 | A-N GRIs1 | 201812083 | 08/01/2025 | 07/31/2025 | Ej.1 | 07/06/2023 | Books |